Pièces de monnaies européennes n°3 - Statistiques

Statistiques générales
  • Ce quiz a été pris 54 fois
  • Le résultat moyen est 10 sur 16
Statistiques - réponses
Descriptions des dos de pièces Valeurs des pièces Pays % Correct
Miguel de Cervantes 50 centimes Espagne
90%
Roi Albert II 10 centimes Belgique
88%
Château de Bratislava 20 centimes Slovaquie
82%
Naissance de Vénus 10 centimes Italie
78%
Roi Willem-Alexander 2 centimes Pays Bas
78%
Nouvelle Semeuse 50 centimes France
75%
Chevalier Grimaldi 20 centimes Monaco
75%
Armoiries, emblème de la chambre apostolique et "Sede Vacante" 2 euros Vatican
73%
Casa de la Vall 1 euro Andorre
63%
Gentiane 1 centime Autriche
61%
Sceau Royal de 1134 5 centimes Portugal
57%
Trière 1 centime Grèce
53%
Idole de Pomos 1 euro Chypre
51%
Milda, allégorie du pays recherché 2 euros Lettonie
45%
Eglise des Capucins 5 centimes Saint Marin
31%
Pierre des Princes 2 centimes Slovénie
31%
Aucun quiz correspondant
Distribution des résultats
% des personnes avec chaque résultat
Percentile par nombre de réponses
Votre historique - résultats
Vous n’avez pas pris ce quiz